000 00729nam a22001937a 4500
999 _c8373
_d8373
020 _a9780997117158
050 _aHF5549
_b.L55
100 _aLepak, David
245 _aHuman resource management:
_bManaging employee for competitive advantage
_cLepak, David & Mary Gowan
250 _a3ed.
260 _aChicago
_bChicago Bus. Press
_c2017
300 _axxiii,560p.
_bill. col.
_c29cm.
500 _aIncludes index.
505 _aPart 1. HR Challenges Part 2. Work design and workforce planning Part 3. Managing employee competencies Part 4. Managing employee attitudes and behaviors Part 5. Special topics
650 _aPersonnel management.
650 _aSupervision of employees.
700 _aMary Gowan
942 _cBK